Anuario 2003 : (Registro nro. 12381)
[ vista simple ]
| 000 -LEADER | |
|---|---|
| fixed length control field | 01324nam a2200253Ia 4500 |
| 003 - CONTROL NUMBER IDENTIFIER | |
| control field | OSt |
| 005 - DATE AND TIME OF LATEST TRANSACTION | |
| control field | 20210907100428.0 |
| 008 - FIXED-LENGTH DATA ELEMENTS--GENERAL INFORMATION | |
| fixed length control field | 210310s2003 ck ad gr 000 0 spa d |
| 020 ## - INTERNATIONAL STANDARD BOOK NUMBER | |
| International Standard Book Number | 9589328474 |
| 040 ## - CATALOGING SOURCE | |
| Original cataloging agency | CO-JMCR |
| Transcribing agency | CO-JMCR |
| 041 0# - LANGUAGE CODE | |
| Language code of text/sound track or separate title | spa |
| 082 04 - DEWEY DECIMAL CLASSIFICATION NUMBER | |
| Classification number | 338.18 / |
| Item number | M665a |
| Edition number | 23 |
| 110 2# - MAIN ENTRY--CORPORATE NAME | |
| Corporate name or jurisdiction name as entry element | Ministerio de Agricultura y Desarrollo Rural |
| Relator term | autor |
| 9 (RLIN) | 40009 |
| 245 10 - TITLE STATEMENT | |
| Title | Anuario 2003 : |
| Statement of responsibility, etc. | observatorio agrocadenas / |
| Remainder of title | Ministerio de agricultura y desarrollo rural |
| 250 ## - EDITION STATEMENT | |
| Edition statement | Primera edición |
| 260 ## - PUBLICATION, DISTRIBUTION, ETC. | |
| Place of publication, distribution, etc. | Bogotá : |
| Name of publisher, distributor, etc. | Panamericana, |
| Date of publication, distribution, etc. | 2003. |
| 300 ## - PHYSICAL DESCRIPTION | |
| Extent | 148 páginas : |
| Other physical details | ilustraciones y gráficas a color ; |
| Dimensions | 24 cm. |
| 501 ## - WITH NOTE | |
| With note | Con: notas a pie de página. |
| 505 0# - FORMATTED CONTENTS NOTE | |
| Formatted contents note | Antecedentes del programa. -- Servicios de información y estadística de acceso de visitantes al portal del observatorio. -- Las cadenas productivas en Colombia. -- Generación de empleo en las cadenas productivas. -- Desempeño industrial de las cadenas. -- Desempeño comercial competitivo de las cadenas. -- Los precios en el marco de las cadenas. -- Inteligencia de mercados. -- Las cadenas y la política agrícola. |
| 650 14 - SUBJECT ADDED ENTRY--TOPICAL TERM | |
| Topical term or geographic name entry element | Política estatal |
| General subdivision | Cadenas productivas |
| 9 (RLIN) | 40054 |
| 650 24 - SUBJECT ADDED ENTRY--TOPICAL TERM | |
| Topical term or geographic name entry element | Instrumentos complementarios |
| General subdivision | Cadena productiva |
| 9 (RLIN) | 40055 |
| 650 24 - SUBJECT ADDED ENTRY--TOPICAL TERM | |
| Topical term or geographic name entry element | Usos de la tierra |
| General subdivision | Cadenas productivas |
| 9 (RLIN) | 40056 |
| 942 ## - ADDED ENTRY ELEMENTS (KOHA) | |
| Source of classification or shelving scheme | Dewey Decimal Classification |
| Koha item type | Books |
| Withdrawn status | Lost status | Source of classification or shelving scheme | Damaged status | Not for loan | Home library | Current library | Shelving location | Date acquired | Source of acquisition | Full call number | Barcode | Date last seen | Copy number | Price effective from | Koha item type |
|---|---|---|---|---|---|---|---|---|---|---|---|---|---|---|---|
| Dewey Decimal Classification | Biblioteca Pública José María del Castillo y Rada | Biblioteca Pública José María del Castillo y Rada | General Stacks | 04/15/2018 | Donación | 338.18 / M665a | 430005588 | 05/16/2024 | Ej.1 | 03/10/2021 | Books |